|
|
|
|
| LEADER |
01492nam a2200373 i 4500 |
| 001 |
42334 |
| 003 |
BD-DhAAL |
| 005 |
20240225112656.0 |
| 008 |
250224t2011 pk 000 0aeng d |
| 010 |
|
|
|a 2017332693
|
| 020 |
|
|
|a 9789699193750
|
| 025 |
|
|
|a P-E-2017332693; 15
|
| 037 |
|
|
|b Library of Congress -- Islamabad Overseas Office
|
| 040 |
|
|
|a DLC
|b eng
|c DLC
|e rda
|d BD-DhAAL
|
| 041 |
1 |
|
|a eng
|h urd
|
| 042 |
|
|
|a lcode
|a pcc
|
| 043 |
|
|
|a a-pk---
|
| 050 |
0 |
0 |
|a JQ629.A67
|b K39 2011
|
| 082 |
|
|
|a 351.095491092
|2 23
|
| 100 |
1 |
|
|a Kazim, Muḥammad Mansoor,
|d 1930-2015,
|e author.
|9 56050
|
| 240 |
1 |
0 |
|a Meri dastan.
|l English
|
| 245 |
1 |
0 |
|a My story :
|b the autobiography of a retired secretary to the Government of Pakistan /
|c Muhammad Mansoor Kazim, former CSP.
|
| 250 |
|
|
|a First edition.
|
| 264 |
|
1 |
|a Islamabad :
|b Akhtar Hameed Khan Resource Centre,
|c 2011.
|
| 300 |
|
|
|a viii, 343 pages ;
|c 22 cm.
|
| 541 |
|
|
|a Donated by Rebecca Dipa Khan
|e 42334
|
| 600 |
1 |
0 |
|a Kazim, Muḥammad Mansoor,
|d 1930-2015.
|9 56050
|
| 650 |
|
0 |
|a Civil service
|z Pakistan
|v Biography.
|9 56051
|
| 651 |
|
0 |
|a Pakistan
|x Officials and employees
|v Biography.
|9 56052
|
| 710 |
2 |
|
|a AHK Resource Centre,
|e publisher.
|9 56053
|
| 852 |
|
|
|a Ayesha Abed Library
|c General Stacks
|
| 942 |
|
|
|2 ddc
|c BK
|
| 999 |
|
|
|c 46420
|d 46420
|
| 952 |
|
|
|0 0
|1 0
|2 ddc
|4 0
|6 351_095491092000000_KAZ
|7 0
|9 75179
|a BRACUL
|b BRACUL
|c GEN
|d 2024-02-25
|e Donated By Rebecca Dipa Khan
|g 300.00
|l 0
|o 351.095491092 KAZ
|p 3010042334
|r 2024-02-25
|t 1
|w 2024-02-25
|y BK
|